000 00536nam a2200229Ia 4500
003 0100
008 130307s9999 xx 000 0 und d
020 _a0883441098
040 _cARRUPELIB
050 _aBX1913.W28 1982
100 _aWalsh, John
245 _aEvangelization and justice
245 _bnew insights for Christian ministry
260 _aMaryknoll
260 _bOrbis
260 _cc1982.
300 _axiii
300 _b107 p. 21 cm.
650 _aTHEOLOGY
650 _bBible--Commentaries
942 0 0 _01
999 _c97786
_d97786